| Tag |
First Indicator |
Second Indicator |
Subfields |
| LEADER |
00000cam a22000005i 4500 |
| 001 |
in00004113521 |
| 006 |
m o d |
| 007 |
cr nn 008mamaa |
| 008 |
190417s2019 xxu| o |||| 0|eng d |
| 005 |
20240805185330.3 |
| 020 |
|
|
|a 9781484245118
|
| 024 |
7 |
|
|a 10.1007/978-1-4842-4511-8
|2 doi
|
| 035 |
|
|
|a (DE-He213)978-1-4842-4511-8
|
| 040 |
|
|
|d UtOrBLW
|
| 072 |
|
7 |
|a UMX
|2 bicssc
|
| 072 |
|
7 |
|a COM051010
|2 bisacsh
|
| 072 |
|
7 |
|a UMX
|2 thema
|
| 072 |
|
7 |
|a UMC
|2 thema
|
| 082 |
0 |
4 |
|a 005.13
|2 23
|
| 090 |
|
|
|a QA76.9.D343
|b C367 2019
|
| 100 |
1 |
|
|a Campbell, Matthew,
|e author.
|0 http://id.loc.gov/authorities/names/n83171668
|
| 245 |
1 |
0 |
|a Learn RStudio IDE :
|b Quick, Effective, and Productive Data Science /
|c by Matthew Campbell.
|
| 250 |
|
|
|a 1st ed. 2019.
|
| 264 |
|
1 |
|a Berkeley, CA :
|b Apress :
|b Imprint: Apress,
|c 2019.
|
| 300 |
|
|
|a 1 online resource (IX, 153 pages 88 illustrations, 6 illustrations in color.)
|
| 336 |
|
|
|a text
|b txt
|2 rdacontent
|
| 337 |
|
|
|a computer
|b c
|2 rdamedia
|
| 338 |
|
|
|a online resource
|b cr
|2 rdacarrier
|
| 347 |
|
|
|a text file
|b PDF
|2 rda
|
| 505 |
0 |
|
|a 1. Installing RStudio -- 2. Hello World -- 3. RStudio Views -- 4. RStudio Projects -- 5. Repeatable Analysis -- 6. Essential R Packages: Tidyverse -- 7. Data Visualization -- 8. R Markdown -- 9. Shiny R Dashboards -- 10. Custom R Packages -- 11. Code Tools -- 12. R Programming.
|
| 520 |
|
|
|a Discover how to use the popular RStudio IDE as a professional tool that includes code refactoring support, debugging, and Git version control integration. This book gives you a tour of RStudio and shows you how it helps you do exploratory data analysis; build data visualizations with ggplot; and create custom R packages and web-based interactive visualizations with Shiny. In addition, you will cover common data analysis tasks including importing data from diverse sources such as SAS files, CSV files, and JSON. You will map out the features in RStudio so that you will be able to customize RStudio to fit your own style of coding. Finally, you will see how to save a ton of time by adopting best practices and using packages to extend RStudio. Learn RStudio IDE is a quick, no-nonsense tutorial of RStudio that will give you a head start to develop the insights you need in your data science projects. You will: Quickly, effectively, and productively use RStudio IDE for building data science applications Install RStudio and program your first Hello World application Adopt the RStudio workflow Make your code reusable using RStudio Use RStudio and Shiny for data visualization projects Debug your code with RStudio Import CSV, SPSS, SAS, JSON, and other data.
|
| 500 |
|
|
|a Electronic resource.
|
| 650 |
|
0 |
|a Programming languages (Electronic computers)
|0 http://id.loc.gov/authorities/subjects/sh85107313
|
| 650 |
|
0 |
|a Computer programming.
|0 http://id.loc.gov/authorities/subjects/sh85107310
|
| 650 |
|
0 |
|a Engineering-Data processing.
|
| 650 |
|
0 |
|a Data mining.
|0 http://id.loc.gov/authorities/subjects/sh97002073
|
| 650 |
|
0 |
|a Mathematical statistics.
|0 http://id.loc.gov/authorities/subjects/sh85082133
|
| 650 |
1 |
4 |
|a Programming Languages, Compilers, Interpreters.
|0 http://scigraph.springernature.com/things/product-market-codes/I14037
|
| 650 |
2 |
4 |
|a Programming Techniques.
|0 http://scigraph.springernature.com/things/product-market-codes/I14010
|
| 650 |
2 |
4 |
|a Data Engineering.
|0 http://scigraph.springernature.com/things/product-market-codes/T11040
|
| 650 |
2 |
4 |
|a Data Mining and Knowledge Discovery.
|0 http://scigraph.springernature.com/things/product-market-codes/I18030
|
| 650 |
2 |
4 |
|a Probability and Statistics in Computer Science.
|0 http://scigraph.springernature.com/things/product-market-codes/I17036
|
| 710 |
2 |
|
|a SpringerLink (Online service)
|0 http://id.loc.gov/authorities/names/no2005046756
|
| 773 |
0 |
|
|t Springer eBooks
|
| 776 |
0 |
8 |
|i Printed edition:
|z 9781484245101
|
| 776 |
0 |
8 |
|i Printed edition:
|z 9781484245125
|
| 856 |
4 |
0 |
|u http://proxy.library.tamu.edu/login?url=https://doi.org/10.1007/978-1-4842-4511-8
|z Connect to the full text of this electronic book
|t 0
|
| 955 |
|
|
|a Springer EBA Purchase
|
| 999 |
f |
f |
|s a0cd865d-117f-3b22-9f8a-f2e4b547022d
|i bac99b70-9244-37b0-8823-267701aa2b03
|t 0
|
| 952 |
f |
f |
|a Texas A&M University
|b College Station
|c Electronic Resources
|d Available Online
|t 0
|e QA76.9.D343 C367 2019
|h Library of Congress classification
|
| 998 |
f |
f |
|a QA76.9.D343 C367 2019
|t 0
|l Available Online
|